[Event "Miguel Najdorf Memorial 2010 Torneo B"]
[Site "Warszawa POL"]
[Date "2010.07.20"]
[Round "4.3"]
[White "Puszkarek, Kamil"]
[Black "Pawlowski, Michal"]
[Result "1/2-1/2"]
[WhiteElo "1770"]
[BlackElo "1954"]
[PlyCount "50"]
[EventDate "2010.07.17"]
[EventType "swiss"]
[EventRounds "9"]
[EventCountry "POL"]
[Source "lmi"]
[SourceDate "2010.07.17"]

1. e4 c6 2. d4 d5 3. Nc3 b5 4. a3 dxe4 5. Nxe4 Nf6 6. Ng3 e6 7. Nf3 Bb7 8. Bd3
Nbd7 9. O-O Be7 10. Re1 a6 11. b4 a5 12. Bd2 axb4 13. axb4 Nd5 14. c3 O-O 15.
Ne4 Rxa1 16. Qxa1 Qc7 17. Qb2 Ra8 18. Ra1 Rxa1+ 19. Qxa1 e5 20. dxe5 Nxe5 21.
Nxe5 Qxe5 22. Qa7 Qc7 23. Nc5 Bc8 24. Qxc7 Nxc7 25. c4 bxc4 1/2-1/2

[Event "Miguel Najdorf Memorial 2010 Torneo B"]
[Site "Warszawa POL"]
[Date "2010.07.20"]
[Round "4.4"]
[White "Dobrowolski, Marcin"]
[Black "Wrabel, Antoni"]
[Result "0-1"]
[WhiteElo "1964"]
[BlackElo "1825"]
[PlyCount "80"]
[EventDate "2010.07.17"]
[EventType "swiss"]
[EventRounds "9"]
[EventCountry "POL"]
[Source "lmi"]
[SourceDate "2010.07.17"]

1. b3 e5 2. Bb2 Nc6 3. e3 d6 4. c4 Nf6 5. Nc3 Be7 6. Be2 O-O 7. Nf3 d5 8. cxd5
Nxd5 9. O-O Be6 10. d3 Nxc3 11. Bxc3 f6 12. a3 Qe8 13. Nd2 Rd8 14. Qc2 Qg6 15.
Rfd1 f5 16. Nc4 Bf6 17. f4 exf4 18. exf4 Nd4 19. Bxd4 Bxd4+ 20. Kh1 Bxa1 21.
Rxa1 Bd5 22. Bf1 Qc6 23. Rc1 Rf6 24. b4 Bxc4 25. Qxc4+ Qxc4 26. Rxc4 c6 27. Kg1
Re6 28. Kf2 Rde8 29. Rc5 g6 30. a4 Re1 31. b5 cxb5 32. axb5 Rd1 33. Be2 Rd2 34.
Re5 Rd8 35. Re7 R8xd3 36. Rxb7 Rd7 37. Rb8+ Rd8 38. Rb7 Re8 39. Rxa7 Rexe2+ 40.
Kf3 Ra2 0-1

[Event "Miguel Najdorf Memorial 2010 Torneo B"]
[Site "Warszawa POL"]
[Date "2010.07.20"]
[Round "4.5"]
[White "Pietrzak, Wojciech"]
[Black "Jarmula, Lukasz"]
[Result "1-0"]
[WhiteElo "1949"]
[BlackElo "1801"]
[PlyCount "65"]
[EventDate "2010.07.17"]
[EventType "swiss"]
[EventRounds "9"]
[EventCountry "POL"]
[Source "lmi"]
[SourceDate "2010.07.17"]

1. e4 c5 2. c3 d5 3. exd5 Qxd5 4. d4 Nf6 5. Nf3 Bg4 6. Qa4+ Nc6 7. Bc4 Qe4+ 8.
Be3 Bxf3 9. Nd2 Qf5 10. Nxf3 e6 11. Ne5 Rc8 12. Bd3 Qh5 13. Bb5 Bd6 14. Nxc6
bxc6 15. Bxc6+ Ke7 16. Bf3 Qf5 17. Qxa7+ Rc7 18. Qb6 c4 19. O-O h5 20. d5 e5
21. Rfe1 e4 22. Bd4 Kd7 23. Qb5+ Kc8 24. Qa6+ Kd7 25. Qa4+ Kd8 26. Bxf6+ gxf6
27. Rxe4 Rg8 28. Rae1 Be5 29. d6 Qxf3 30. dxc7+ Kxc7 31. Qa7+ Kd6 32. Qb6+ Kd7
33. Qb7+ 1-0

[Event "Miguel Najdorf Memorial 2010 Torneo B"]
[Site "Warszawa POL"]
[Date "2010.07.20"]
[Round "4.7"]
[White "Kowara, Magdalena"]
[Black "Mietek, Lukasz"]
[Result "1-0"]
[WhiteElo "1833"]
[BlackElo "1939"]
[PlyCount "79"]
[EventDate "2010.07.17"]
[EventType "swiss"]
[EventRounds "9"]
[EventCountry "POL"]
[Source "lmi"]
[SourceDate "2010.07.17"]

1. e4 d6 2. d4 Nf6 3. Nc3 g6 4. Nf3 Bg7 5. h3 Nbd7 6. Be3 c5 7. e5 Ng8 8. e6
fxe6 9. Ng5 Ndf6 10. Bb5+ Kf8 11. dxc5 d5 12. Bd4 h6 13. Nf3 Nd7 14. Nh4 Kf7
15. Bxg7 Kxg7 16. O-O Ngf6 17. Qd3 Nf8 18. Qg3 Bd7 19. Bd3 Be8 20. Nb5 Rc8 21.
b4 a6 22. Nd4 Qd7 23. Rfe1 Bf7 24. Nhf3 Rg8 25. Ne5 Qe8 26. c6 bxc6 27. Bxa6
Ne4 28. Qe3 Rc7 29. Bd3 Nd6 30. a4 Nh7 31. Nxf7 Kxf7 32. Qxe6+ Kg7 33. Qe5+ Kf7
34. b5 cxb5 35. Qxd5+ Kg7 36. Ne6+ Kh8 37. Nxc7 Qf8 38. axb5 Nf6 39. Qe5 Nc8
40. Bc4 1-0

[Event "Miguel Najdorf Memorial 2010 Torneo B"]
[Site "Warszawa POL"]
[Date "2010.07.20"]
[Round "4.9"]
[White "Dwilewicz, Andrzej"]
[Black "Prazmowski, Bartosz"]
[Result "0-1"]
[WhiteElo "1611"]
[BlackElo "1893"]
[PlyCount "72"]
[EventDate "2010.07.17"]
[EventType "swiss"]
[EventRounds "9"]
[EventCountry "POL"]
[Source "lmi"]
[SourceDate "2010.07.17"]

1. e4 c6 2. d4 d5 3. exd5 cxd5 4. c4 Nf6 5. Nc3 Nc6 6. Nf3 e6 7. cxd5 Nxd5 8.
Bd3 Be7 9. O-O Bf6 10. Be4 Nce7 11. Re1 O-O 12. Qd3 g6 13. Bh6 Bg7 14. Bxg7
Kxg7 15. Rac1 Nxc3 16. Qxc3 Nd5 17. Bxd5 Qxd5 18. Re5 Qd6 19. Rc5 b6 20. d5+
Kg8 21. Rc7 Qxd5 22. Qf6 Bb7 23. h4 h5 24. Qf4 Rad8 25. Rxb7 Qxb7 26. Qh6 f6
27. Qxg6+ Qg7 28. Qxh5 Rd5 29. Ne5 Rxe5 30. Qf3 f5 31. g3 Re4 32. b3 Rxh4 33.
Kf1 Rg4 34. Qe2 Re4 35. Qf3 Qh6 36. Rc7 Qh3+ 0-1

[Event "Miguel Najdorf Memorial 2010 Torneo B"]
[Site "Warszawa POL"]
[Date "2010.07.20"]
[Round "4.11"]
[White "Parol, Pawel"]
[Black "Ceglowski, Ryszard"]
[Result "0-1"]
[WhiteElo "1764"]
[BlackElo "1864"]
[PlyCount "88"]
[EventDate "2010.07.17"]
[EventType "swiss"]
[EventRounds "9"]
[EventCountry "POL"]
[Source "lmi"]
[SourceDate "2010.07.17"]

1. e4 e5 2. Nf3 Nf6 3. Nxe5 d6 4. Nf3 Nxe4 5. d4 d5 6. c4 Bb4+ 7. Bd2 Nxd2 8.
Nbxd2 O-O 9. Be2 dxc4 10. O-O c3 11. bxc3 Bxc3 12. Rc1 Ba5 13. Nc4 c6 14. Nxa5
Qxa5 15. Rc5 Qd8 16. Bd3 g6 17. Qb3 Nd7 18. Rg5 Nf6 19. Bxg6 hxg6 20. Rxg6+ Kh8
21. Rg3 Ne4 22. Qe3 Nxg3 23. Qh6+ Kg8 24. fxg3 Bf5 25. Qf4 Bg6 26. h4 Qd5 27.
Ne5 Qe4 28. Qg5 Qxd4+ 29. Kh2 Rae8 30. Ng4 Qg7 31. Nf6+ Kh8 32. h5 Bd3 33.
Qxg7+ Kxg7 34. Nxe8+ Rxe8 35. Rf3 Bc4 36. a3 Re2 37. g4 Bd5 38. Rg3 Kh6 39. Kh3
Kg5 40. Kh2 b5 41. Kh3 a5 42. Rd3 Bxg2+ 43. Kg3 Bd5 44. Kh3 Rb2 0-1

[Event "Miguel Najdorf Memorial 2010 Torneo B"]
[Site "Warszawa POL"]
[Date "2010.07.20"]
[Round "4.12"]
[White "Jarmula, Pawel"]
[Black "Worobiej, Daniel"]
[Result "1-0"]
[WhiteElo "1971"]
[BlackElo "1736"]
[PlyCount "57"]
[EventDate "2010.07.17"]
[EventType "swiss"]
[EventRounds "9"]
[EventCountry "POL"]
[Source "lmi"]
[SourceDate "2010.07.17"]

1. e4 c6 2. c4 d5 3. cxd5 cxd5 4. exd5 Nf6 5. Qa4+ Bd7 6. Qb3 Qc7 7. Nc3 g6 8.
Bc4 Qb6 9. Qxb6 axb6 10. d3 Na6 11. Be3 Nc5 12. Nge2 Bg7 13. Kd2 Ng4 14. Rab1
O-O 15. b4 Nxe3 16. fxe3 Na4 17. Nxa4 Rxa4 18. Rhc1 Be5 19. Nc3 Raa8 20. g3 b5
21. Bb3 Bd6 22. Bd1 f5 23. Be2 e5 24. dxe6 Bxe6 25. Rb2 g5 26. d4 Bc4 27. Bxc4+
bxc4 28. Nb5 Rac8 29. Nxd6 1-0

[Event "Miguel Najdorf Memorial 2010 Torneo B"]
[Site "Warszawa POL"]
[Date "2010.07.20"]
[Round "4.13"]
[White "Niedzwiecki, Miroslaw"]
[Black "Skwarczylo, Marek"]
[Result "0-1"]
[WhiteElo "1701"]
[BlackElo "1964"]
[PlyCount "30"]
[EventDate "2010.07.17"]
[EventType "swiss"]
[EventRounds "9"]
[EventCountry "POL"]
[Source "lmi"]
[SourceDate "2010.07.17"]

1. e4 c5 2. Nf3 g6 3. d4 cxd4 4. Nxd4 Bg7 5. Nc3 Nc6 6. Nxc6 bxc6 7. Na4 Nf6 8.
f3 O-O 9. Be3 d5 10. Bd3 dxe4 11. fxe4 Ng4 12. Bc5 Bxb2 13. Rb1 Bd4 14. Bxd4
Qxd4 15. Qe2 Qxa4 0-1

[Event "Miguel Najdorf Memorial 2010 Torneo B"]
[Site "Warszawa POL"]
[Date "2010.07.20"]
[Round "4.14"]
[White "Kaniak, Justyna"]
[Black "Zalewski, Daniel"]
[Result "1-0"]
[WhiteElo "1958"]
[BlackElo "1724"]
[PlyCount "79"]
[EventDate "2010.07.17"]
[EventType "swiss"]
[EventRounds "9"]
[EventCountry "POL"]
[Source "lmi"]
[SourceDate "2010.07.17"]

1. e4 e5 2. Nf3 Nf6 3. Nc3 Nc6 4. Bc4 Bb4 5. O-O d6 6. d3 Bg4 7. h3 Bh5 8. Be3
h6 9. a3 Bxc3 10. bxc3 Qd7 11. Rb1 Na5 12. Ba2 g5 13. Qe1 Bxf3 14. gxf3 Qxh3
15. Qe2 Nh5 16. Rfd1 Nf4 17. Qf1 Qxf3 18. d4 O-O 19. Bxf4 exf4 20. Rb5 b6 21.
Rd3 Qg4+ 22. Kh2 Rae8 23. Rh3 Kg7 24. f3 Qd7 25. Rf5 f6 26. Qg2 Kh7 27. Rxh6+
Kxh6 28. Qh3+ Kg6 29. Rxg5+ fxg5 30. Qxd7 Rh8+ 31. Kg2 Ref8 32. Qxc7 Rh7 33.
Qxd6+ Rf6 34. Qd5 Rf8 35. e5 Kh5 36. Qd6 Rfh8 37. Kf2 g4 38. fxg4+ Kxg4 39.
Qg6+ Kh4 40. Be6 1-0

[Event "Miguel Najdorf Memorial 2010 Torneo B"]
[Site "Warszawa POL"]
[Date "2010.07.20"]
[Round "4.15"]
[White "Kosior, Artur"]
[Black "Wolski, Jaroslaw"]
[Result "1/2-1/2"]
[WhiteElo "1593"]
[BlackElo "1946"]
[PlyCount "127"]
[EventDate "2010.07.17"]
[EventType "swiss"]
[EventRounds "9"]
[EventCountry "POL"]
[Source "lmi"]
[SourceDate "2010.07.17"]

1. e4 c5 2. c3 d5 3. exd5 Qxd5 4. Nf3 e5 5. d4 cxd4 6. cxd4 e4 7. Nc3 Bb4 8.
Qa4+ Nc6 9. Bb5 Bxc3+ 10. bxc3 exf3 11. O-O Nge7 12. Ba3 Qg5 13. g3 a6 14. Rfe1
axb5 15. Qxa8 O-O 16. Re3 b4 17. Bxb4 Nxb4 18. cxb4 Nd5 19. Re5 Qg4 20. Qa3 Be6
21. Rae1 Qxd4 22. Qxf3 Qxb4 23. Qe2 Nc7 24. Rc1 Qb6 25. Rec5 Na6 26. R5c3 Qd4
27. Qb5 Nb8 28. Qxb7 h5 29. Rc5 Qg4 30. Qb5 h4 31. Rg5 Qf3 32. gxh4 Nd7 33. Rg3
Qe4 34. Qg5 g6 35. Re3 Qd4 36. h5 Bf5 37. hxg6 Bxg6 38. Rg3 Qb2 39. h4 Re8 40.
Rd1 Ne5 41. h5 Qe2 42. Rd8 Qe1+ 43. Kg2 Qe4+ 44. Kh2 Rxd8 45. Qxd8+ Kg7 46.
hxg6 Nf3+ 47. Rxf3 Qxf3 48. Qd4+ Kxg6 49. a4 f6 50. Qb6 Qf4+ 51. Kg1 Qxa4 52.
Qb1+ Kg5 53. Qd3 f5 54. Qg3+ Qg4 55. Kg2 Kh5 56. f3 Qa4 57. f4 Qe4+ 58. Kf2
Qc2+ 59. Kf3 Qd1+ 60. Kf2 Qg4 61. Kg2 Qe2+ 62. Kh3 Qe7 63. Qf3+ Kh6 64. Qg3
1/2-1/2

[Event "Miguel Najdorf Memorial 2010 Torneo B"]
[Site "Warszawa POL"]
[Date "2010.07.21"]
[Round "5.1"]
[White "Grabara, Krzysztof"]
[Black "Pietrzak, Wojciech"]
[Result "1-0"]
[WhiteElo "1961"]
[BlackElo "1949"]
[PlyCount "49"]
[EventDate "2010.07.17"]
[EventType "swiss"]
[EventRounds "9"]
[EventCountry "POL"]
[Source "lmi"]
[SourceDate "2010.07.17"]

1. e4 d5 2. exd5 Qxd5 3. Nc3 Qd6 4. d4 Nf6 5. Nf3 a6 6. g3 Bg4 7. Bg2 Nc6 8.
O-O O-O-O 9. h3 Bh5 10. Bf4 Qb4 11. g4 Bg6 12. Qe2 Nxd4 13. Nxd4 Rxd4 14. Be5
Rd7 15. f4 e6 16. Bxf6 gxf6 17. f5 exf5 18. gxf5 Qc5+ 19. Kh1 Bxf5 20. Qf3 Be6
21. Qxb7+ Kd8 22. Ne4 Qb6 23. Qa8+ Ke7 24. Nxf6 Rd2 25. Qe8+ 1-0

[Event "Miguel Najdorf Memorial 2010 Torneo B"]
[Site "Warszawa POL"]
[Date "2010.07.21"]
[Round "5.2"]
[White "Wrabel, Antoni"]
[Black "Szwaj, Jacek"]
[Result "0-1"]
[WhiteElo "1825"]
[BlackElo "1944"]
[PlyCount "132"]
[EventDate "2010.07.17"]
[EventType "swiss"]
[EventRounds "9"]
[EventCountry "POL"]
[Source "lmi"]
[SourceDate "2010.07.17"]

1. e4 c5 2. Nf3 d6 3. d4 cxd4 4. Nxd4 Nf6 5. Nc3 a6 6. Bc4 e5 7. Nf3 Be7 8. Bb3
O-O 9. h3 b5 10. Nd5 Nxe4 11. Be3 Nc5 12. a4 Bb7 13. axb5 axb5 14. Rxa8 Bxa8
15. c3 e4 16. Nd4 Nd3+ 17. Kf1 Bg5 18. f4 Bxd5 19. Bxd5 Bxf4 20. Bxf4 Nxf4 21.
Bxe4 Qb6 22. Qb3 Re8 23. Qc2 g6 24. g3 Ne6 25. Nxe6 Rxe6 26. Bd5 Re5 27. Bf3
Nd7 28. Kg2 Nf6 29. Rf1 Nd5 30. Bxd5 Rxd5 31. Rf2 Re5 32. g4 Qc6+ 33. Kh2 Re1
34. Rg2 Qd5 35. Qf2 Qe5+ 36. Qg3 Qe6 37. Rd2 Re2+ 38. Rxe2 Qxe2+ 39. Kg1 Qd1+
40. Kg2 Qe2+ 41. Kg1 Qe6 42. Qd3 Qe5 43. b3 Qc5+ 44. Kf1 f5 45. Ke2 f4 46. h4
Qc6 47. Qf3 Qe8+ 48. Kd3 Qf7 49. c4 bxc4+ 50. bxc4 g5 51. hxg5 Kg7 52. Kd4 Kg6
53. Qc6 Qe6 54. Qh1 Qe5+ 55. Kd3 Qxg5 56. Qe4+ Kg7 57. Qd4+ Qe5 58. Qe4 h6 59.
Qf3 Kg6 60. Qh3 Qc5 61. Kd2 Qd4+ 62. Ke1 Qxc4 63. Qh5+ Kg7 64. g5 Qb4+ 65. Kd1
Qd4+ 66. Ke1 Qe5+ 0-1

[Event "Miguel Najdorf Memorial 2010 Torneo B"]
[Site "Warszawa POL"]
[Date "2010.07.21"]
[Round "5.3"]
[White "Eggink, Ryszard"]
[Black "Kowara, Magdalena"]
[Result "1-0"]
[WhiteElo "1896"]
[BlackElo "1833"]
[PlyCount "79"]
[EventDate "2010.07.17"]
[EventType "swiss"]
[EventRounds "9"]
[EventCountry "POL"]
[Source "lmi"]
[SourceDate "2010.07.17"]

1. e4 e5 2. Nf3 Nc6 3. Bb5 a6 4. Ba4 Nf6 5. d3 b5 6. Bb3 Bc5 7. O-O O-O 8. c3
d6 9. h3 Bb7 10. Re1 Bb6 11. Be3 Bxe3 12. Rxe3 Na5 13. Bc2 c5 14. Nbd2 Re8 15.
d4 cxd4 16. cxd4 exd4 17. Nxd4 d5 18. e5 Nd7 19. Qg4 g6 20. Rae1 Qe7 21. e6 Nf6
22. Qf4 Nh5 23. exf7+ Qxf7 24. Qd6 Nc4 25. Nxc4 dxc4 26. Re7 Rxe7 27. Rxe7 Qd5
28. Qe6+ Qxe6 29. Nxe6 Bc6 30. g4 Nf6 31. Rg7+ Kh8 32. Rf7 Ne4 33. Rc7 Bd5 34.
Nf4 Nf6 35. g5 Be4 36. gxf6 Bxc2 37. Ne6 Bf5 38. Ng5 h6 39. Rh7+ Kg8 40. f7+
1-0

[Event "Miguel Najdorf Memorial 2010 Torneo B"]
[Site "Warszawa POL"]
[Date "2010.07.21"]
[Round "5.4"]
[White "Prazmowski, Bartosz"]
[Black "Eggink, Mateusz"]
[Result "1/2-1/2"]
[WhiteElo "1893"]
[BlackElo "1833"]
[PlyCount "94"]
[EventDate "2010.07.17"]
[EventType "swiss"]
[EventRounds "9"]
[EventCountry "POL"]
[Source "lmi"]
[SourceDate "2010.07.17"]

1. d4 d5 2. c4 dxc4 3. e3 e6 4. Nc3 c5 5. Bxc4 Nf6 6. Nf3 a6 7. a4 Nc6 8. O-O
Be7 9. b3 O-O 10. Bb2 Na5 11. Qc2 Nxc4 12. bxc4 cxd4 13. exd4 b6 14. Rfe1 Bb7
15. Re3 Ng4 16. Rd3 Qc7 17. d5 Bf6 18. h3 Ne5 19. Nxe5 Bxe5 20. Re1 f6 21. Qb3
Rac8 22. Re4 Rfe8 23. Rde3 Red8 24. f4 Bxf4 25. Re2 Bh2+ 26. Kh1 Be5 27. R4e3
Qxc4 28. Qxb6 Bxd5 29. Nxd5 Rxd5 30. Qxe6+ Kh8 31. Re1 Rd6 32. Qxc4 Rxc4 33.
Bxe5 fxe5 34. Rxe5 h6 35. a5 Ra4 36. R1e2 Rd1+ 37. Kh2 Rda1 38. Re7 Rxa5 39.
Ra7 Rg5 40. Re8+ Kh7 41. Re2 Ra3 42. Ra8 a5 43. Rd2 a4 44. Rc2 h5 45. Kh1 Ra1+
46. Kh2 Rb5 47. Ra7 Rg5 1/2-1/2

[Event "Miguel Najdorf Memorial 2010 Torneo B"]
[Site "Warszawa POL"]
[Date "2010.07.21"]
[Round "5.5"]
[White "Ceglowski, Ryszard"]
[Black "Puszkarek, Kamil"]
[Result "1/2-1/2"]
[WhiteElo "1864"]
[BlackElo "1770"]
[PlyCount "60"]
[EventDate "2010.07.17"]
[EventType "swiss"]
[EventRounds "9"]
[EventCountry "POL"]
[Source "lmi"]
[SourceDate "2010.07.17"]

1. d4 Nf6 2. Nf3 e6 3. g3 d5 4. Bg2 c5 5. e3 b6 6. O-O Ba6 7. Re1 Nc6 8. b3 Rc8
9. Bb2 cxd4 10. Nxd4 Nxd4 11. Bxd4 Bb4 12. c3 Bd6 13. f4 O-O 14. Nd2 Qc7 15.
Bxf6 gxf6 16. c4 dxc4 17. Rc1 Bb4 18. Ne4 Qe7 19. Qg4+ Kh8 20. Qh4 Rg8 21. Nxf6
Rg7 22. Red1 Rd8 23. Be4 Rxd1+ 24. Rxd1 Bc3 25. Rd4 Bxd4 26. exd4 Qb4 27. Bxh7
Qe1+ 28. Kg2 Qe2+ 29. Kg1 Qe1+ 30. Kg2 Qe2+ 1/2-1/2

[Event "Miguel Najdorf Memorial 2010 Torneo B"]
[Site "Warszawa POL"]
[Date "2010.07.21"]
[Round "5.6"]
[White "Skwarczylo, Marek"]
[Black "Borowicz, Miroslaw"]
[Result "1-0"]
[WhiteElo "1964"]
[BlackElo "1785"]
[PlyCount "107"]
[EventDate "2010.07.17"]
[EventType "swiss"]
[EventRounds "9"]
[EventCountry "POL"]
[Source "lmi"]
[SourceDate "2010.07.17"]

1. g3 Nf6 2. Bg2 d5 3. Nf3 Bf5 4. O-O e6 5. d3 c5 6. c4 Nc6 7. Qb3 Qb6 8. Qxb6
axb6 9. Nc3 d4 10. Nb5 Kd7 11. Nh4 Bg6 12. Nxg6 hxg6 13. Bd2 Be7 14. a3 Ne8 15.
Rad1 g5 16. e3 e5 17. f4 exf4 18. exd4 Nxd4 19. Nxd4 cxd4 20. gxf4 g4 21. Bxb7
Rb8 22. Be4 Nd6 23. f5 Nxe4 24. dxe4 Rbc8 25. Bc3 Rxc4 26. Rxd4+ Rxd4 27. Bxd4
Bc5 28. Bxc5 bxc5 29. e5 Kc6 30. e6 fxe6 31. fxe6 Kd6 32. Re1 Ke7 33. Re3 Rb8
34. b3 Ra8 35. a4 Rb8 36. Kg2 Rb4 37. Kg3 c4 38. bxc4 Rxc4 39. Ra3 Kxe6 40. a5
Rc7 41. Kxg4 Kd7 42. a6 Ra7 43. Kg5 Kc7 44. Kg6 Kd6 45. h4 Ke5 46. h5 Kd5 47.
Re3 Kd6 48. Rb3 Rxa6 49. Kxg7 Ra7+ 50. Kg6 Ra8 51. h6 Rg8+ 52. Kf7 Rg4 53. Rh3
Rf4+ 54. Kg6 1-0

[Event "Miguel Najdorf Memorial 2010 Torneo B"]
[Site "Warszawa POL"]
[Date "2010.07.21"]
[Round "5.7"]
[White "Winiarski, Mikolaj"]
[Black "Jarmula, Pawel"]
[Result "0-1"]
[WhiteElo "1681"]
[BlackElo "1971"]
[PlyCount "118"]
[EventDate "2010.07.17"]
[EventType "swiss"]
[EventRounds "9"]
[EventCountry "POL"]
[Source "lmi"]
[SourceDate "2010.07.17"]

1. d4 Nf6 2. c4 g6 3. Nc3 Bg7 4. Nf3 O-O 5. e4 d6 6. Be2 Nbd7 7. O-O e5 8. d5
Nc5 9. Qc2 a5 10. Be3 b6 11. a3 a4 12. Bxc5 bxc5 13. Nd2 Bd7 14. Kh1 Ne8 15.
Bd3 f5 16. f4 exf4 17. exf5 gxf5 18. Rxf4 Be5 19. Rff1 Ng7 20. Nf3 Qf6 21. Nxe5
dxe5 22. Rae1 Qd6 23. Qc1 Rf6 24. Bc2 Kh8 25. Qe3 e4 26. Qf4 Rh6 27. Qxd6 cxd6
28. Re2 Nh5 29. Kg1 Nf6 30. Rf4 Ng4 31. Rxg4 fxg4 32. Bxe4 Rf6 33. g3 Rb8 34.
Bg2 Bf5 35. Rf2 Kg7 36. Bf1 Bg6 37. Rd2 Re8 38. Re2 Rxe2 39. Bxe2 Bc2 40. Nb5
h5 41. Nc3 Kg6 42. Nd1 Rf8 43. Ne3 Be4 44. Nd1 Kf6 45. Kf2 Ke5+ 46. Ke3 Bf3 47.
Nc3 Bxe2 48. Kxe2 Kd4 49. Nxa4 Kxc4 50. Nb6+ Kb3 51. a4 Kb4 52. a5 Kxa5 53.
Nc4+ Kb4 54. Nxd6 Rd8 55. Ne4 Rxd5 56. Nd2 Re5+ 57. Kd1 c4 58. Nf1 Rf5 59. Ke2
Rxf1 0-1

[Event "Miguel Najdorf Memorial 2010 Torneo B"]
[Site "Warszawa POL"]
[Date "2010.07.21"]
[Round "5.8"]
[White "Blank, Kamil"]
[Black "Kaniak, Justyna"]
[Result "1-0"]
[WhiteElo "1663"]
[BlackElo "1958"]
[PlyCount "67"]
[EventDate "2010.07.17"]
[EventType "swiss"]
[EventRounds "9"]
[EventCountry "POL"]
[Source "lmi"]
[SourceDate "2010.07.17"]

1. e4 e5 2. Nf3 Nc6 3. Nc3 Bb4 4. Bc4 Nf6 5. d3 d6 6. h3 Be6 7. Bxe6 fxe6 8.
Bd2 O-O 9. O-O a6 10. Ne2 Bc5 11. Ng3 Qe8 12. c3 Qg6 13. Kh2 b5 14. b4 Bb6 15.
a4 d5 16. axb5 axb5 17. Rxa8 Rxa8 18. Qb3 Qf7 19. Ng5 Qd7 20. f4 h6 21. Nf3
exf4 22. Bxf4 Kh7 23. e5 Ng8 24. d4 Rf8 25. Bd2 Qe8 26. Qb1+ Kh8 27. Nh4 Nce7
28. Rxf8 Qxf8 29. Ng6+ Nxg6 30. Qxg6 Qe7 31. Nh5 c6 32. Nf4 Bd8 33. Nxe6 Qd7
34. Nf8 1-0

[Event "Miguel Najdorf Memorial 2010 Torneo B"]
[Site "Warszawa POL"]
[Date "2010.07.21"]
[Round "5.10"]
[White "Smieszek, Wojciech"]
[Black "Hagner, Pawel"]
[Result "1-0"]
[WhiteElo "1652"]
[BlackElo "1901"]
[PlyCount "119"]
[EventDate "2010.07.17"]
[EventType "swiss"]
[EventRounds "9"]
[EventCountry "POL"]
[Source "lmi"]
[SourceDate "2010.07.17"]

1. e4 g6 2. d4 Bg7 3. Nf3 d6 4. Nc3 Nf6 5. Bc4 O-O 6. O-O c6 7. Bb3 Nbd7 8. e5
dxe5 9. dxe5 Ne8 10. e6 fxe6 11. Ng5 Nc7 12. Bxe6+ Nxe6 13. Nxe6 Qa5 14. Nxf8
Nxf8 15. Qf3 Bf5 16. Re1 e5 17. Qe2 Kh8 18. Ne4 Rd8 19. c3 Qa4 20. Nc5 Qh4 21.
Be3 b6 22. Nb3 Bd3 23. Qf3 Qe7 24. Bd4 Qd6 25. Qxd3 exd4 26. cxd4 Ne6 27. Rad1
Rf8 28. Qg3 Qd5 29. Qg4 Nf4 30. Re7 h5 31. Qf3 Qg5 32. Ree1 h4 33. h3 Qf5 34.
Rf1 Qb5 35. Qg4 g5 36. Nd2 Qe2 37. Qxe2 Nxe2+ 38. Kh2 Nxd4 39. g3 Be5 40. b3
Rxf2+ 41. Rxf2 hxg3+ 42. Kg2 gxf2 43. Kxf2 c5 44. Nf3 Bf6 45. Nxd4 cxd4 46. Rc1
Be5 47. Kf3 Bf4 48. Rc8+ Kg7 49. Rd8 d3 50. Rxd3 Kf6 51. Rd7 a5 52. Rb7 Bd2 53.
Rxb6+ Kf5 54. a3 Ke5 55. b4 axb4 56. axb4 Kd5 57. Rb8 Kc6 58. Kg4 Bf4 59. Rg8
Bd2 60. Rxg5 1-0

[Event "Miguel Najdorf Memorial 2010 Torneo B"]
[Site "Warszawa POL"]
[Date "2010.07.21"]
[Round "5.11"]
[White "Kaminski, Lukasz"]
[Black "Rozowski, Marcin"]
[Result "0-1"]
[WhiteElo "1343"]
[BlackElo "1890"]
[PlyCount "60"]
[EventDate "2010.07.17"]
[EventType "swiss"]
[EventRounds "9"]
[EventCountry "POL"]
[Source "lmi"]
[SourceDate "2010.07.17"]

1. e4 c6 2. d4 d5 3. exd5 cxd5 4. Nc3 Nf6 5. Bf4 a6 6. g3 Nc6 7. Be3 Bf5 8. Bd3
Bxd3 9. Qxd3 e6 10. a3 Qa5 11. Nge2 Be7 12. O-O O-O 13. Bg5 b5 14. Bxf6 Bxf6
15. Nd1 Qb6 16. c3 a5 17. Ne3 b4 18. Ng4 Be7 19. Ne5 Nxe5 20. dxe5 bxa3 21.
bxa3 Qc7 22. f4 Bxa3 23. Kg2 Be7 24. Rfc1 Rfc8 25. h4 a4 26. Kh3 a3 27. g4 Qa7
28. g5 Rab8 29. Kg4 Qf2 30. Qf3 h5+ 0-1

[Event "Miguel Najdorf Memorial 2010 Torneo B"]
[Site "Warszawa POL"]
[Date "2010.07.21"]
[Round "5.15"]
[White "Wolochowicz, Piotr"]
[Black "Rozycki, Bartlomiej"]
[Result "1/2-1/2"]
[WhiteElo "1977"]
[BlackElo "1748"]
[PlyCount "62"]
[EventDate "2010.07.17"]
[EventType "swiss"]
[EventRounds "9"]
[EventCountry "POL"]
[Source "lmi"]
[SourceDate "2010.07.17"]

1. c4 e5 2. Nc3 Nc6 3. g3 Bb4 4. Bg2 Nf6 5. Nf3 O-O 6. O-O d5 7. cxd5 Nxd5 8.
Nxe5 Nxc3 9. Nxc6 Nxd1 10. Nxd8 Nxf2 11. Nxb7 Nh3+ 12. Kh1 Rb8 13. a3 Rxb7 14.
axb4 a6 15. Rxa6 Rxb4 16. Ra7 Rc4 17. b3 Rc2 18. Be4 Rxc1 19. Bxh7+ Kxh7 20.
Rxc1 Be6 21. Kg2 Ng5 22. d3 Bxb3 23. Rcxc7 Kg6 24. h4 Ne6 25. Rc3 Rb8 26. Ra3
Bd1 27. Ra2 Rb6 28. Kf2 Nd4 29. Ke3 Nf5+ 30. Kf2 Nd4 31. Ke3 Nf5+ 1/2-1/2

[Event "Miguel Najdorf Memorial 2010 Torneo B"]
[Site "Warszawa POL"]
[Date "2010.07.21"]
[Round "6.1"]
[White "Szwaj, Jacek"]
[Black "Grabara, Krzysztof"]
[Result "0-1"]
[WhiteElo "1944"]
[BlackElo "1961"]
[PlyCount "122"]
[EventDate "2010.07.17"]
[EventType "swiss"]
[EventRounds "9"]
[EventCountry "POL"]
[Source "lmi"]
[SourceDate "2010.07.17"]

1. e4 e6 2. d4 d5 3. Nd2 Be7 4. Ngf3 Nf6 5. Bd3 c5 6. c3 Nc6 7. exd5 Nxd5 8.
Nb3 cxd4 9. Nfxd4 Bf6 10. Nxc6 bxc6 11. O-O a5 12. c4 Ne7 13. Qc2 a4 14. Nc5
Qa5 15. Ne4 Be5 16. Bd2 Qc7 17. h3 Nf5 18. Bc3 Nd4 19. Qd2 Bf4 20. Qd1 c5 21.
g3 Bd6 22. Nxd6+ Qxd6 23. Be4 Ra7 24. f4 O-O 25. Bxd4 cxd4 26. Qd3 f5 27. Bg2
Rd8 28. Rfe1 Rc7 29. Re5 Ba6 30. b3 Qa3 31. Rd1 Qxa2 32. Rxe6 axb3 33. Qxf5
Bxc4 34. Qg5 Rf8 35. Rb6 Qc2 36. Bd5+ Kh8 37. Re1 Qd2 38. Rbe6 Bxd5 39. Qxd5
Rc2 40. R6e2 Qxe2 41. Rxe2 Rxe2 42. Qxb3 Rc8 43. Kf1 Rh2 44. Kg1 Rd2 45. Qa3 d3
46. f5 Rdc2 47. f6 gxf6 48. Qd6 R2c6 49. Qd4 d2 50. Kf2 Kg7 51. Qd7+ Kf8 52.
Qd4 R8c7 53. Qd8+ Kf7 54. Qd5+ Ke7 55. Qe4+ Kd8 56. Qd5+ Rd7 57. Qxc6 d1=Q 58.
Qxf6+ Re7 59. Qf8+ Kd7 60. Qf5+ Ke8 61. Qh5+ Qxh5 0-1

[Event "Miguel Najdorf Memorial 2010 Torneo B"]
[Site "Warszawa POL"]
[Date "2010.07.21"]
[Round "6.2"]
[White "Prazmowski, Bartosz"]
[Black "Eggink, Ryszard"]
[Result "0-1"]
[WhiteElo "1893"]
[BlackElo "1896"]
[PlyCount "64"]
[EventDate "2010.07.17"]
[EventType "swiss"]
[EventRounds "9"]
[EventCountry "POL"]
[Source "lmi"]
[SourceDate "2010.07.17"]

1. c4 Nf6 2. Nc3 g6 3. e4 d6 4. d4 Bg7 5. Nf3 O-O 6. Be2 e5 7. Be3 Nc6 8. O-O
Ng4 9. Bg5 f6 10. Bc1 f5 11. d5 Ne7 12. Ne1 Nf6 13. f3 f4 14. Nd3 c5 15. Bd2 g5
16. Rb1 h5 17. Nf2 Rf7 18. b4 b6 19. bxc5 bxc5 20. Na4 Bf8 21. Be1 g4 22. fxg4
hxg4 23. Bxg4 Bxg4 24. Nxg4 Nxe4 25. Qd3 Ng5 26. Bh4 Nf5 27. g3 Nxh4 28. gxh4
e4 29. Qc2 Nh3+ 30. Kh1 Qxh4 31. Qxe4 Qxg4 32. Rg1 Nf2# 0-1